000 00531nam a2200181Ia 4500
999 _c14546
_d14546
003 OSt
005 20201016125924.0
008 190216s9999||||xx |||||||||||||| ||und||
020 _a9780199205523
040 _coclc
082 _a341.38
_bCLA/H
100 _aClapham, Andrew
_95808
245 0 _aHuman Rights A Very Short Introduction /
_cAndrew Clapham
260 _bOxford University Press,
_c2009.
_aNew York:
300 _a193p
650 _aEnglish
942 _cBK
_2ddc
_h341.38
_iCLA/H
_k341.38
_mCLA/H